Normal view MARC view
  • James R. Downey

Entry Personal Name

Number of records used in: 3

001 - CONTROL NUMBER

  • control field: 9326

003 - CONTROL NUMBER IDENTIFIER

  • control field: NUST

005 - DATE AND TIME OF LATEST TRANSACTION

  • control field: 20180121111457.0

008 - FIXED-LENGTH DATA ELEMENTS

  • fixed length control field: 180121|| aca||aabn | a|a d

040 ## - CATALOGING SOURCE

  • Original cataloging agency: NUST
  • Transcribing agency: NUST

100 ## - HEADING--PERSONAL NAME

  • Personal name: James R. Downey

670 ## - SOURCE DATA FOUND

  • Source citation: Work cat.: (NUST)320915: James R. Downey, Flying Reactors : The Political Feasibility of Nuclear Power in Space, 2005
© 2023 Central Library, National University of Sciences and Technology. All Rights Reserved.